Franchise Character Countdown Quiz Stats

 Plays Quiz Updated Jun 26, 2017

Support Sporcle.
Go Orange.
Score 0/55 Timer 08:00
0 Plays Today
% Correct
Bruce Wayne
98.2%
The Joker
95.2%
Gandalf
95%
Darth Vader
94.9%
Frodo Baggins
94.5%
Han Solo
94.3%
Luke Skywalker
94%
Chewbacca
93.8%
Obi-Wan Kenobi
93%
Alfred Pennyworth
92.9%
Jack Sparrow
93%
Harvey Dent
91.9%
Albus Dumbledore
91.6%
Yoda
91.1%
James Bond
91.1%
Spock
91%
Hermione Granger
90.8%
James T. Kirk
90.6%
Aragorn
90.5%
Legolas
89.8%
Lord Voldemort
89.6%
Davy Jones
89.1%
James Gordon
89%
Charles Xavier
88.8%
Leia Organa
88.2%
Gimli
88.2%
Ron Weasley
87.8%
Tony Stark
87.5%
% Correct
Elizabeth Swann
86.8%
Samwise Gamgee
86.5%
Scarecrow
85.2%
Michael Corleone
82.7%
Lady Galadriel
82.7%
Hector Barbossa
82.5%
Nick Fury
82.2%
Will Turner
81.6%
Hikaru Sulu
80.4%
Peregrin Took
78.7%
Lando Calrissian
78.5%
Jean Grey
78.5%
Lucius Fox
78.2%
Rachel Dawes
77.4%
Meriadoc Brandybuck
76.2%
Ra's al Ghul
76.1%
Nyota Uhura
75.9%
Leonard 'Bones' McCoy
75.1%
Steve Rogers
73.6%
Khan Noonian Singh
72.8%
Selina Kyle
72.8%
Pavel Chekov
72.3%
Scott Summers
71.3%
Erik Lehnsherr
65.9%
William Stryker
65.9%
James Norrington
64.4%
Tom Hagen
56.9%

You're not logged in!

Compare scores with friends on all Sporcle quizzes.
OR
Log In
Forgot?

From the Vault

England's 2014 World Cup Squad

by beforever

“Football is a simple game: 22 men chase a ball for 90 minutes and at the end, the Germans win.” – Gary Lineker
Remove Ads.
Support Sporcle.
Get the best of Sporcle when you Go Orange. This ad-free experience offers more features, more stats, and more fun while also helping to support Sporcle. Thank you for becoming a member.

Show Comments

Extras

Top Quizzes Today


Score Distribution

Your Account Isn't Verified!

In order to create a playlist on Sporcle, you need to verify the email address you used during registration. Go to your Sporcle Settings to finish the process.

Report this User

Report this user for behavior that violates our Community Guidelines.

Details: